000 00305nam a22001337a 4500
008 181218b xxu||||| |||| 00| 0 eng d
020 _a0201192403
041 _aeng
080 _a510
100 _a40
101 _aMAT
245 _aAlgorithmics The Spirit Of Computing
_cHarel.D
942 _2udc
_cBK
999 _c53361
_d53361